000 02786nam a2200325Ia 4500
001 Para_2080
003 CHAP
005 20250806141522.0
007 ta
008 220125s1985 mx ado fr 001 0 spa d
010 _a200713
020 _a968-18-1466-5
040 _cCHAP
_amxchpua
050 1 0 _aSB731
_b.A37 1985
082 0 0 _aPA 632
_bA37y 1985
_220
100 1 _aAgrios, George N.
_92140
_eautor
240 1 0 _aPlant pathology /
_lEspañol
_s2a edition
245 1 0 _aFitopatología /
_cGeorge N. Agrios ; traductor Manuel Guzmán Ortíz
250 _a1a edición
264 _aMéxico :
_bLimusa,
_c1985
300 _a756 páginas :
_bilustraciones, gráficas, diagramas, tablas, fotografías
504 _aIncluye bibliografías
520 2 _aA través de la historia, uno de los azotes que ha sufrido la humanidad es la pérdida de productos agrícolas debida a enfermedades de las plantas causadas por diferentes patógenos y factores ambientales. Gracias a la formación de científicos y técnicos especializados en Fitopatología y disciplinas afines, la humanidad está logrando enfrentar ese problema. El presente libro proporciona información básica y esencial acerca del origen de las enfermedades de las plantas, su diagnóstico y las alternativas más recientes con que se cuenta para combatirlas. Esta segunda edición, que ha sido acusiosamente revisada, presenta información nueva muy importante, como Epifitiología y la aplicación de la biotecnología a la Fitopatología. Contenidos: Primera parte: Aspectos generales.- Introducción a la fitopatología.- Parasitismo y desarrollo de las enfermedades.- Cómo atacan los patógenos a las plantas.- Efectos de los patógenos sobre la fisiología de las plantas.- Cómo se defienden las plantas de los patógenos.- Genética de las enfermedades de las plantas.- Efecto del ambiente en la producción de las enfermedades infecciosas.- Epifitología.- Control de las enfermedades de las plantas.- Segunda parte: Enfermedades específicas de las plantas.- Factores ambientales que causan enfermedades en las plantas.- Enfermedades de las plantas causadas por hongos.- Enfermedades de las plantas causadas por procariontes.- Enfermedades de las plantas ocasionadas por plantas superiores parásitas.- Enfermedades de las plantas causadas por virus.- Enfermedades de las plantas causadas por nematodos.- Enfermedades de las plantas causadas por protozoarios flagelados.- Tercera parte: Biotecnología y fitopatología.- Aplicaciones de la biotecnología a la fitopatología.
650 1 3 _aFitopatología
_941161
700 _aGuzmán Ortiz, Manuel
_etr.
_9141254
901 _aPA 632 A37Y 1985
902 _aM
905 _a0000001991 1985 a 0000000000 00
942 _cPARA
_2ddc
999 _c200713
_d200713